Statistics for World Leaders in 1900

Click here to take the quiz!

General Stats

  • This quiz has been taken 68 times
    (42 since last reset)
  • The average score is 7 of 21

Answer Stats

TitlePerson% Correct
Czar of RussiaNicholas II
84%
Queen of United Kingdom and IrelandVictoria
78%
German EmperorWilhelm II
78%
Austro-Hungarian EmperorFranz Joseph I
68%
King of BelgiumLeopold II
68%
United States PresidentWilliam McKinley
57%
Kings of ItalyUmberto I
46%
King of Spain (Under regent)Alfonso XIII
30%
Emperor of JapanMeiji
30%
King of RomaniaCarol I
27%
Vittorio Emanuele III
24%
Queen of the NetherlandsWilhelmina
24%
King of DenmarkChristian IX
22%
King of GreeceGeorge I
22%
Ottoman SultanAbdul Hamid II
14%
President of MexicoPorfirio Diaz
14%
UK Prime MinisterRobert Gascoyne-Cecil
14%
Emperor of KoreaGojong
5%
French PresidentEmile Loubet
3%
Qing EmperorGuangxu
3%
President of BrazilManuel Ferraz de Campos Sales
0%

Score Distribution

Percentile by Number Answered

Percent of People with Each Score

Your Score History

You have not taken this quiz since the last reset